| 000 | 00439nmm a2200145Ia 4500 | ||
|---|---|---|---|
| 008 | 251105s9999||||xx |||||||||||||||||und|| | ||
| 020 | _a9788412401264 | ||
| 041 | _aspa | ||
| 100 | _aRey, Alberto | ||
| 245 | 0 | _aLos Crímenes de Steamfield | |
| 264 |
_a[Madrid, España] : _bEdiciones Arcanas, _c[Fecha de publicación no identificada] |
||
| 300 | _a0 páginas | ||
| 856 | _uhttps://public.digitaliapublishing.com/a/121233 | ||
| 942 | _cCF | ||
| 999 |
_c76236 _d76236 |
||